Normal view MARC view
  • Syed Ifraw Naved

Entry Personal Name

Number of records used in: 2

001 - CONTROL NUMBER

  • control field: 10514

003 - CONTROL NUMBER IDENTIFIER

  • control field: NUST

005 - DATE AND TIME OF LATEST TRANSACTION

  • control field: 20180525050408.0

008 - FIXED-LENGTH DATA ELEMENTS

  • fixed length control field: 180525|| aca||aabn | a|a d

040 ## - CATALOGING SOURCE

  • Original cataloging agency: NUST
  • Transcribing agency: NUST

100 ## - HEADING--PERSONAL NAME

  • Personal name: Syed Ifraw Naved

670 ## - SOURCE DATA FOUND

  • Source citation: Work cat.: (NUST)233536: Syed Ifraw Naved, Retrieval Of Glyoxal During MAD-CAT Campaign In Mainz, Germany And IESE-NUST,Islamabad,Pakistan, 2016.
© 2023 Central Library, National University of Sciences and Technology. All Rights Reserved.